Rewind = Los cronocrímenes /

Un hombre que accidentalmente viaja al pasado y se cruza consigo mismo inicia una especie de viaje en espiral en que cada decisión o acción modifica la realidad inmediata y la de sus dobles. En este espectro, tiene el poder de alterar las decisiones de sus dobles y ocultar los crímenes cometidos dur...

Бүрэн тодорхойлолт

-д хадгалсан:
Номзүйн дэлгэрэнгүй
Үндсэн зохиолч: Vigalondo, Nacho (realización)
Бусад зохиолчид: Vigalondo, Nacho (guión) (guión), Martínez Labiano, Flavio (fotógrafo) (fotógrafo), Romeu, José Luis (montaje) (montaje), Mira, Eugenio (música) (música), Elejalde, Karra (actuación) (actuación), Fernández, Candela (actuación) (actuación), Goenaga, Bárbara (actuación) (actuación)
Формат: Гулсуулах
Хэл сонгох:испани
Нөхцлүүд:
Шошгууд: Шошго нэмэх
Шошго байхгүй, Энэхүү баримтыг шошголох эхний хүн болох!

MARC

LEADER 00000ngm^a2200000^a^4500
001 000311976
005 20250521000000.0
009 20260310113101.364
037 |a Acervo ITESO - Biblioteca 
041 |a ESP 
082 |a Es 860.  |b VIG 
100 |a Vigalondo, Nacho  |e (realización) 
240 1 5 |a [Los cronocrímenes] 
245 1 0 |a Rewind =  |b Los cronocrímenes /  |c Realización de N. Vigalondo 
246 2 |a Título original en español: Los cronocrímenes 
264 2 |a México :  |b ZC Entertainment [distribución],  |c copyright fecha no identificada 
300 |a 1 DVD regiones 1 y 4  |c (92 min.) 
336 |a imagen móvil bidimensional  |b tdi  |2 rdacontenido 
337 |a video  |b v  |2 rdamedio 
338 |a videodisco  |b vd  |2 rdasoporte 
520 |a Un hombre que accidentalmente viaja al pasado y se cruza consigo mismo inicia una especie de viaje en espiral en que cada decisión o acción modifica la realidad inmediata y la de sus dobles. En este espectro, tiene el poder de alterar las decisiones de sus dobles y ocultar los crímenes cometidos durante su aventura. 
586 |a Premio Goya, de la Academia Española de Cine (23°: 2009): Mejor Dirección Novel (finalista: Nacho Vigalondo) 
649 |a XX 
650 |a Películas de Ciencia-Ficción 
650 |a Películas de Suspenso y Terror 
650 |a Cine Fantástico 
650 |a Opera Prima 
650 |a Cine Español -  |y 2000-2009 
650 |a Cine Español -  |y Siglo XXI 
650 |a Asesinato 
650 |a Tiempo (Concepto) 
650 |a Espacio y Tiempo 
700 |a Vigalondo, Nacho  |e (guión) 
700 |a Martínez Labiano, Flavio  |e (fotógrafo) 
700 |a Romeu, José Luis  |e (montaje) 
700 |a Mira, Eugenio  |e (música) 
700 |a Elejalde, Karra  |e (actuación) 
700 |a Fernández, Candela  |e (actuación) 
700 |a Goenaga, Bárbara  |e (actuación) 
910 |a Fondo General 
920 |a Audiovisuales - DVDs 
940 |a Películas 
905 |a 302 
901 |a 0500204553  |b IT2  |c DVS  |i C122407  |u 20250521 
902 |a https://opac.biblio.iteso.mx/vufind/Record/000311976